000 00476nam a2200181Ia 4500
001 20381
005 20260306172802.0
008 260306t2002||||xx |||||||||||||| ||spa||
041 _aESP
082 _a343.2C13
_bC76 2002
100 _aRepública del Perú
_eAUT
245 0 _aConstitución política del Perú:
_bpromulgada el 29 de diciembre 1993
260 _c2002
300 _a115 páginas :
_c16 cm.
650 _aGEN
654 _aCDE
942 _cLIB
_dJUS
_fJUS
_2ddc
_n
999 _c20381
_d20381